Ambiente: ¿Legalidad o violación en Costa Rica?/
Guardado en:
| 企業作者: | |
|---|---|
| 格式: | 圖書 |
| 語言: | Spanish |
| 出版: |
San José: Costa Rica:
Fundación Gṻilombé
1993
|
| 標簽: |
添加標簽
沒有標簽, 成為第一個標記此記錄!
|
MARC
| LEADER | 00000nam a22000007a 4500 | ||
|---|---|---|---|
| 003 | cru CIDCACS/IIS | ||
| 005 | 20240102143325.0 | ||
| 008 | 240102b1993 cr ||||| |||||00| 0 spa d | ||
| 020 | |a 9968-9743-0-7 | ||
| 040 | |a CIDCACS/IIS |c CIDCACS/IIS | ||
| 090 | |a 16.01.01 F981a | ||
| 110 | 1 | |a Fundación Gṻilombé |9 11804 | |
| 245 | 1 | |a Ambiente: |b ¿Legalidad o violación en Costa Rica?/ |c Fundación Gṻilombé | |
| 260 | |a San José: Costa Rica: |b Fundación Gṻilombé |c 1993 | ||
| 300 | |a 242 páginas | ||
| 650 | 0 | 7 | |0 TESAUROS |2 TESAUROS |
| 942 | |2 z |c LI |h <script>document.querySelector('[id^="tag_090_subfield_a"]').value</script> |i 16266 |6 SCRIPTDOCUMENTQUERYSELECTORIDTAG_090_SUBFIELD_AVALUESCRIPT_16266 | ||
| 999 | |c 45420 |d 45420 | ||



